000 00578nam a2200229Ia 4500
005 20250425162715.0
008 250425s9999 xx 000 0 und d
020 _a9786071512925
041 _aspa
082 _a001.424
100 _aHILLIER, FREDERICK S.
245 0 _aINVESTIGACIÓN DE OPERACIONES
250 _aDÉCIMA EDICIÓN
260 _aMEXICO
260 _aMéxico
_bMC GRAW HILL EDUCATION
_c2015
300 _a914
650 _aALGORITMOS INFORMATICOS
650 _aCADENAS DE MARKOV
650 _aPROGRAMACION LINEAL
942 _c01
010 _a99430
999 _c234793
_d234793